Kolory flag według pierwszej litery - whammies - Statystyki

Ogólne statystyki
  • Ten quiz został rozwiązany 3 413 razy
  • Średni wynik to 16 z 21
Statystyki odpowiedzi
Państwo Kolory % Poprawnych
Grecja Niebieski biały
99%
Kanada Czerwony biały
94%
Ukraina Niebieski żółty
92%
Chiny Czerwony żółty
90%
Japonia Czerwony biały
88%
Finlandia Niebieski biały
86%
Szwajcaria Czerwony biały
82%
Albania Czerwony czarny
82%
Izrael Niebieski biały
81%
Szwecja Niebieski żółty
77%
Pakistan Zielony biały
77%
Arabia Saudyjska Zielony biały
74%
Gruzja Czerwony biały
71%
Wietnam Czerwony żółty
71%
Singapur Czerwony biały
69%
Nigeria Zielony biały
67%
Indonezja Czerwony biały
66%
Kazachstan Niebieski żółty
63%
Bangladesz Czerwony zielony
62%
Somalia Niebieski biały
61%
Maroko Czerwony zielony
56%
Nie znaleziono quizów pasujących do podanych kryteriów
Rozkład punktacji
Procent ludzi z każdym wynikiem
Percentyl według liczby udzielonych odpowiedzi
Twoja historia wyników
Nie rozwiązałeś tego quizu